Quiz o komórkach zwierzęcych - Statystyki

Ogólne statystyki
  • Ten quiz został rozwiązany 115 razy
    107 od ostatniego zresetowania
  • Średni wynik to 7 z 8
Statystyki odpowiedzi
Zagadnienie Odpowiedź % Poprawnych
Dokończ nazwę. mito....... chondrium
98%
Co uwalniane jest w mitochondriumie? energia
98%
Jaka jest różnica między komórką zwierzęcą, a bakteryjną? komórka zwierzęca ma jądro, a druga nie ma
98%
Co zawiera jądro komórkowe? materiał genetyczny
98%
Czy komórka zwierzęca jest bezjądrowa? nie
98%
Czym jest wodniczka? to pęcherzyk wypełniony wodą oraz różnymi substancjami.
80%
Co zachodzi w cytozolu? reakcje niezbędne dla życia
75%
Co posiada komórka zwierzęca? cytozol
73%
Nie znaleziono quizów pasujących do podanych kryteriów
Rozkład punktacji
Procent ludzi z każdym wynikiem
Percentyl według liczby udzielonych odpowiedzi
Twoja historia wyników
Nie rozwiązałeś tego quizu od ostatniego zresetowania